[Event "URU-ch Seniors 50"]
[Site "Montevideo"]
[Date "2018.06.16"]
[Round "3.1"]
[White "El Ters, Antouan"]
[Black "Pichuaga, Juan Pablo"]
[Result "1-0"]
[WhiteElo "2203"]
[BlackElo "2043"]
[PlyCount "113"]
[EventDate "2018.06.15"]
[EventType "swiss"]
[EventRounds "5"]
[EventCountry "URU"]
[SourceTitle "EXT 2019"]
[Source "ChessBase"]
[SourceDate "2018.10.10"]
[SourceVersion "1"]
[SourceVersionDate "2018.10.10"]
[SourceQuality "1"]

1. e4 d6 2. d4 e5 3. Nf3 Nc6 4. Bb5 exd4 5. Nxd4 Bd7 6. Nc3 Nf6 7. 0-0 Be7 8. Re1 0-0 9. b3 Nxd4 10. Qxd4 Bxb5 11. Nxb5 Nd7 12. Rb1 Nc5 13. Bb2 Bf6 14. e5 Ne6 15. Qg4 Bxe5 16. Bxe5 dxe5 17. Rxe5 Qf6 18. Rbe1 Rfd8 19. h3 g6 20. Qg3 a6 21. Nc3 Qf4 22. Qxf4 Nxf4 23. g3 Ne6 24. Kg2 Rd2 25. R1e2 Rad8 26. Na4 Kg7 27. Nb2 Kf6 28. Nc4 Rxe2 29. Rxe2 b6 30. Ne3 a5 31. Ng4+ Kg7 32. Ne3 Rd4 33. c4 Rd3 34. Rc2 Nd4 35. Rb2 Ne6 36. Kf3 Rd8 37. Nd5 Rd7 38. Ke3 Nc5 39. f4 Ne6 40. Rf2 f5 41. g4 fxg4 42. hxg4 b5 43. f5 Nd8 44. f6+ Kf7 45. Rh2 bxc4 46. Rxh7+ Ke6 47. Nxc7+ Kd6 48. Nb5+ Ke6 49. Nd4+ Kd6 50. Rxd7+ Kxd7 51. bxc4 Kd6 52. Ke4 Nf7 53. Nf3 Ke6 54. g5 Nd6+ 55. Kd4 Kf5 56. Ne5 Kxg5 57. f7 1-0

[Event "Montevideo Trebejos op 10"]
[Site "Montevideo"]
[Date "2017.10.10"]
[Round "3"]
[White "Rodriguez Farias, Victor Hugo"]
[Black "Pichuaga, Juan Pablo"]
[Result "1-0"]
[WhiteElo "1849"]
[BlackElo "2056"]
[PlyCount "44"]
[EventDate "2017.10.03"]
[EventType "swiss"]
[EventRounds "6"]
[EventCountry "URU"]
[SourceTitle "CBM 181 Extra"]
[Source "ChessBase"]
[SourceDate "2017.12.12"]
[SourceVersion "1"]
[SourceVersionDate "2017.12.12"]
[SourceQuality "1"]

1. d4 d6 2. e4 Nf6 3. Nc3 g6 4. f4 c6 5. Nf3 Bg7 6. Be2 0-0 7. 0-0 Bg4 8. Be3 d5 9. e5 Ne8 10. h3 Bxf3 11. Rxf3 e6 12. g4 f6 13. Qf1 Nd7 14. Qf2 b6 15. f5 fxe5 16. fxe6 exd4 17. Rxf8+ Nxf8 18. Qf7+ Kh8 19. e7 Qd6 20. exf8Q+ Bxf8 21. Bf4 Qc5 22. Na4 Qe7 1-0

[Event "Montevideo Trebejos op 10"]
[Site "Montevideo"]
[Date "2017.10.03"]
[Round "1"]
[White "Quevedo, Andreina"]
[Black "Pichuaga, Juan Pablo"]
[Result "0-1"]
[WhiteElo "1793"]
[BlackElo "2056"]
[PlyCount "100"]
[EventDate "2017.10.03"]
[EventType "swiss"]
[EventRounds "6"]
[EventCountry "URU"]
[SourceTitle "CBM 181 Extra"]
[Source "ChessBase"]
[SourceDate "2017.12.12"]
[SourceVersion "1"]
[SourceVersionDate "2017.12.12"]
[SourceQuality "1"]

1. e4 c6 2. d4 d5 3. Nd2 dxe4 4. Nxe4 Nf6 5. Nxf6+ gxf6 6. Nf3 Bg4 7. Be2 e6 8. Bf4 Bd6 9. Qd2 Qc7 10. Bxd6 Qxd6 11. 0-0-0 Nd7 12. Kb1 0-0-0 13. c4 h5 14. Qc3 Kb8 15. Qb3 h4 16. h3 Bf5+ 17. Bd3 Qf4 18. Bxf5 Qxf5+ 19. Qc2 Qf4 20. Rhe1 f5 21. Qd2 Qxd2 22. Rxd2 Rdg8 23. Rg1 Nf6 24. Re2 Nh5 25. Ne5 Nf4 26. Rd2 Rg7 27. g3 hxg3 28. Rxg3 Rgh7 29. h4 f6 30. Ng6 Nxg6 31. Rxg6 Rf7 32. Re2 Rxh4 33. Rxe6 Rxd4 34. Rgxf6 Rxf6 35. Rxf6 Rf4 36. b3 a5 37. Rf7 Rxf2 38. a3 Ka7 39. Kc1 Kb6 40. Kd1 Rb2 41. Rxf5 Rxb3 42. a4 Rb4 43. c5+ Ka6 44. Rf8 Ka7 45. Kc2 Rc4+ 46. Kb3 Rxc5 47. Rc8 Rh5 48. Re8 Kb6 49. Re7 Rh3+ 50. Kc4 Ra3 0-1

[Event "URU-ch sf"]
[Site "Montevideo"]
[Date "2017.02.26"]
[Round "4"]
[White "Moreno, Nelson"]
[Black "Pichuaga, Juan Pablo"]
[Result "0-1"]
[WhiteElo "1814"]
[BlackElo "2088"]
[PlyCount "46"]
[EventDate "2017.02.24"]
[EventType "swiss"]
[EventRounds "8"]
[EventCountry "URU"]
[SourceTitle "CBM 177 Extra"]
[Source "ChessBase"]
[SourceDate "2017.04.27"]
[SourceVersion "1"]
[SourceVersionDate "2017.04.27"]
[SourceQuality "1"]

1. e4 e6 2. d4 d5 3. exd5 exd5 4. c4 Nf6 5. Nc3 Be7 6. Nf3 0-0 7. c5 Ne4 8. Qb3 Nxc3 9. Qxc3 Bf6 10. Be3 Re8 11. Bd3 Nc6 12. 0-0 Ne7 13. Qc2 g6 14. Bg5 Bxg5 15. Nxg5 Nf5 16. Nf3 Qf6 17. Rad1 c6 18. b4 Ng7 19. Ne5 Ne6 20. Be2 Nxd4 21. Rxd4 Rxe5 22. Qd2 Bd7 23. b5 Rxe2 0-1

[Event "URU-ch sf"]
[Site "Montevideo"]
[Date "2017.02.25"]
[Round "2"]
[White "Curi, Gabriel"]
[Black "Pichuaga, Juan Pablo"]
[Result "1-0"]
[WhiteElo "2231"]
[BlackElo "2088"]
[PlyCount "97"]
[EventDate "2017.02.24"]
[EventType "swiss"]
[EventRounds "8"]
[EventCountry "URU"]
[SourceTitle "CBM 177 Extra"]
[Source "ChessBase"]
[SourceDate "2017.04.27"]
[SourceVersion "1"]
[SourceVersionDate "2017.04.27"]
[SourceQuality "1"]

1. d4 Nf6 2. c4 g6 3. f3 d6 4. e4 Bg7 5. Nc3 0-0 6. Be3 e5 7. Nge2 Nc6 8. d5 Ne7 9. g4 Ne8 10. Qd2 f5 11. gxf5 gxf5 12. 0-0-0 f4 13. Bf2 Bf6 14. Kb1 b6 15. Nc1 Ng6 16. Nd3 Bh4 17. Bg1 Rf7 18. Ka1 Qg5 19. Rc1 Qh5 20. Qe2 Bf6 21. Nb1 Rg7 22. Nd2 Nh4 23. a3 a5 24. b3 Kh8 25. Kb2 Qf7 26. Ne1 Bd7 27. Bf2 Rg6 28. Qd3 Rh6 29. b4 Ng6 30. Qc3 Rh5 31. Nb3 axb4 32. axb4 Qg7 33. Ra1 Rxa1 34. Kxa1 Qh6 35. Bg1 Bh4 36. c5 bxc5 37. bxc5 Bg3 38. cxd6 cxd6 39. h3 Bxe1 40. Qxe1 Bxh3 41. Bb5 Nf6 42. Qb4 Bd7 43. Rxh5 Qxh5 44. Qxd6 Bxb5 45. Qxf6+ Kg8 46. Nc5 Qxf3 47. Qd8+ Kg7 48. Ne6+ Kh6 49. Qg5# 1-0

[Event "URU-ch sf"]
[Site "Montevideo"]
[Date "2017.02.25"]
[Round "3"]
[White "Pichuaga, Juan Pablo"]
[Black "Alvarez, Miguel"]
[Result "1/2-1/2"]
[WhiteElo "2088"]
[BlackElo "1867"]
[PlyCount "26"]
[EventDate "2017.02.24"]
[EventType "swiss"]
[EventRounds "8"]
[EventCountry "URU"]
[SourceTitle "CBM 177 Extra"]
[Source "ChessBase"]
[SourceDate "2017.04.27"]
[SourceVersion "1"]
[SourceVersionDate "2017.04.27"]
[SourceQuality "1"]

1. e4 Nf6 2. e5 Nd5 3. Bc4 Nb6 4. Bb3 c5 5. c3 Nc6 6. d4 cxd4 7. cxd4 d5 8. Nc3 Bf5 9. Nge2 e6 10. 0-0 Be7 11. Ng3 Bg6 12. Nce2 0-0 13. Nf4 Rc8 1/2-1/2

[Event "URU-ch sf"]
[Site "Montevideo"]
[Date "2017.02.24"]
[Round "1"]
[White "Pichuaga, Juan Pablo"]
[Black "Figueroa, Alfonso"]
[Result "1-0"]
[WhiteElo "2088"]
[BlackElo "1801"]
[PlyCount "43"]
[EventDate "2017.02.24"]
[EventType "swiss"]
[EventRounds "8"]
[EventCountry "URU"]
[SourceTitle "CBM 177 Extra"]
[Source "ChessBase"]
[SourceDate "2017.04.27"]
[SourceVersion "1"]
[SourceVersionDate "2017.04.27"]
[SourceQuality "1"]

1. e4 e6 2. d4 d5 3. Nd2 c5 4. Ngf3 dxe4 5. Nxe4 cxd4 6. Qxd4 Qxd4 7. Nxd4 a6 8. Bf4 Nd7 9. Nd6+ Bxd6 10. Bxd6 Ngf6 11. Bd3 b5 12. 0-0 Bb7 13. a4 bxa4 14. Rxa4 Nb6 15. Rb4 Nfd5 16. Rb3 a5 17. Bb5+ Kd8 18. c4 a4 19. Rg3 Nc7 20. Bxc7+ Kxc7 21. Rxg7 Raf8 22. Nxe6+ 1-0